| 000 | 01123nam a2200337 a 4500 | ||
|---|---|---|---|
| 999 |
_c28687 _d28658 |
||
| 001 | 4793429 | ||
| 003 | EG-ScBUE | ||
| 005 | 20200908122102.0 | ||
| 008 | 881017s1987 sa a f s 000 0 eng d | ||
| 020 | _a0798121777 (pbk.) | ||
| 020 | _a9780798121774 | ||
| 040 |
_aDLC _beng _erda _cDLC _dDLC _dEG-ScBUE |
||
| 043 | _af-sa--- | ||
| 082 | 0 | 4 |
_a338.54430968 _bSUN _222 |
| 100 | 1 |
_aSunter, Clem, _d1944- _eauthor. |
|
| 245 | 1 | 4 |
_aThe world and South Africa in the 1990s / _cClem Sunter. |
| 250 | _aSecond impression. | ||
| 264 | 1 |
_aPretoria : _bHuman & Rousseau, _c1987. |
|
| 300 |
_a111 pages : _bcolor illustrations ; _c22 cm |
||
| 336 |
_2rdacontent _atext _btxt |
||
| 337 |
_2rdamedia _aunmediated _bn |
||
| 338 |
_2rdacarrier _avolume _bnc |
||
| 650 | 7 |
_aEconomic forecasting _zSouth Africa. _2BUEsh |
|
| 650 | 7 |
_aEconomic forecasting. _2BUEsh |
|
| 651 | 7 |
_aSouth Africa _xEconomic conditions _y1961- _2BUEsh |
|
| 651 | 7 |
_aSouth Africa _xPolitics and government _y1978- _2BUEsh |
|
| 653 |
_bBUSECO _cAugust2020 |
||
| 655 |
_vReading book _934232 |
||
| 906 |
_a7 _bcbc _corignew _d3 _encip _f19 _gy-gencatlg |
||
| 942 |
_2ddc _cBB |
||